[Event "SVE Seniors op 2nd"]
[Site "Eidelstedt"]
[Date "2019.07.31"]
[Round "6"]
[White "Remer, Hans Herbert"]
[Black "Ihlenfeldt, Gerhard"]
[Result "1/2-1/2"]
[WhiteElo "1227"]
[BlackElo "1712"]
[PlyCount "81"]
[EventDate "2019.07.15"]
[EventType "swiss"]
[EventRounds "7"]
[EventCountry "GER"]
[SourceTitle "EXT 2020"]
[Source "ChessBase"]
[SourceDate "2019.10.17"]
[SourceVersion "1"]
[SourceVersionDate "2019.10.17"]
[SourceQuality "1"]

1. e4 g6 2. f4 c6 3. d4 d6 4. Nf3 Bg4 5. Be2 Bg7 6. c3 Nf6 7. Nbd2 Nbd7 8. Nh4 Bxe2 9. Qxe2 c5 10. Nhf3 0-0 11. 0-0 Rb8 12. a3 b5 13. Kh1 Bh6 14. Ng5 Qb6 15. b4 cxd4 16. Qf2 dxc3 17. Qxb6 Rxb6 18. Nb3 Bxg5 19. Be3 Rb7 20. fxg5 Nxe4 21. Rac1 Rc7 22. g3 c2 23. Nd4 a6 24. Rxc2 Rxc2 25. Nxc2 Ne5 26. Kg2 Rc8 27. Nd4 Rc3 28. Bc1 Rd3 29. Nf3 Nxf3 30. Rxf3 Rxf3 31. Kxf3 d5 32. h4 e6 33. Bf4 Kf8 34. Ke3 Ke7 35. Kd4 Kd7 36. Ke3 Kc6 37. Kd4 Nf2 38. Be5 Ng4 39. Bf4 Kd7 40. Bb8 Ke7 41. Bf4 1/2-1/2

[Event "SVE Seniors op 2nd"]
[Site "Eidelstedt"]
[Date "2019.07.24"]
[Round "4"]
[White "Thielscher, Rene"]
[Black "Ihlenfeldt, Gerhard"]
[Result "1/2-1/2"]
[WhiteElo "1666"]
[BlackElo "1712"]
[PlyCount "34"]
[EventDate "2019.07.15"]
[EventType "swiss"]
[EventRounds "7"]
[EventCountry "GER"]
[SourceTitle "EXT 2020"]
[Source "ChessBase"]
[SourceDate "2019.10.17"]
[SourceVersion "1"]
[SourceVersionDate "2019.10.17"]
[SourceQuality "1"]

1. e4 g6 2. d4 d6 3. Be3 Bg7 4. Bd3 Nf6 5. f3 c6 6. Ne2 Nbd7 7. 0-0 0-0 8. Qc1 c5 9. c3 b6 10. Ng3 Bb7 11. Bh6 Rc8 12. Bxg7 Kxg7 13. Qe3 Qc7 14. d5 c4 15. Be2 Qc5 16. Qxc5 Rxc5 17. b3 b5 1/2-1/2

[Event "Pinneberg-ch"]
[Site "Pinneberg"]
[Date "2018.06.06"]
[Round "4"]
[White "Sausmikat, Michael"]
[Black "Ihlenfeldt, Gerhard"]
[Result "0-1"]
[WhiteElo "1648"]
[BlackElo "1541"]
[PlyCount "65"]
[EventDate "2018.08.16"]
[EventType "swiss"]
[EventRounds "7"]
[EventCountry "GER"]
[SourceTitle "EXT 2019"]
[Source "ChessBase"]
[SourceDate "2018.10.10"]
[SourceVersion "1"]
[SourceVersionDate "2018.10.10"]
[SourceQuality "1"]

1. d4 g6 2. c4 Bg7 3. Nc3 c6 4. e4 d6 5. f4 Qb6 6. d5 Bd4 7. Nf3 Bxc3+ 8. bxc3 Bg4 9. Be2 Nf6 10. h3 Nxe4 11. Rf1 Nxc3 12. Qc2 Nxe2 13. Qxe2 Bxf3 14. Rxf3 cxd5 15. cxd5 Qa5+ 16. Kf1 Qa6 17. Bb2 Qxe2+ 18. Kxe2 0-0 19. Re3 Re8 20. Rc1 Na6 21. g4 Kf8 22. Kf3 Rac8 23. Rce1 Nb4 24. h4 Nc2 25. f5 Nxe1+ 26. Rxe1 Rc2 27. Ba1 Rec8 28. fxg6 fxg6 29. Kf4 Rc1 30. Rxc1 Rxc1 31. Bd4 b6 32. Kg5 Re1 33. Ba1 0-1

[Event "Schleswig-Holstein-ch Seniors-B"]
[Site "Bad Segeberg"]
[Date "2018.03.28"]
[Round "6"]
[White "Wichmann, Gerd"]
[Black "Ihlenfeldt, Gerhard"]
[Result "1/2-1/2"]
[WhiteElo "1714"]
[BlackElo "1729"]
[PlyCount "34"]
[EventDate "2018.03.24"]
[EventType "swiss"]
[EventRounds "9"]
[EventCountry "GER"]
[SourceTitle "EXT 2023"]
[Source "ChessBase"]
[SourceDate "2022.10.05"]
[SourceVersion "1"]
[SourceVersionDate "2022.10.05"]
[SourceQuality "1"]

1. c4 g6 2. Nc3 c6 3. d4 Bg7 4. Nf3 d6 5. e3 Nf6 6. Qc2 Bg4 7. Be2 Nbd7 8. 0-0 0-0 9. b3 Rb8 10. Bb2 a6 11. Rac1 b5 12. cxb5 cxb5 13. h3 Bxf3 14. Bxf3 e6 15. Ne4 Nxe4 16. Bxe4 d5 17. Bf3 Bh6 1/2-1/2

[Event "Schleswig-Holstein-ch Seniors-B"]
[Site "Bad Segeberg"]
[Date "2018.03.24"]
[Round "1"]
[White "Geibel, Henning"]
[Black "Ihlenfeldt, Gerhard"]
[Result "0-1"]
[WhiteElo "1473"]
[BlackElo "1729"]
[PlyCount "74"]
[EventDate "2018.03.24"]
[EventType "swiss"]
[EventRounds "9"]
[EventCountry "GER"]
[SourceTitle "EXT 2023"]
[Source "ChessBase"]
[SourceDate "2022.10.05"]
[SourceVersion "1"]
[SourceVersionDate "2022.10.05"]
[SourceQuality "1"]

1. e4 g6 2. d4 Bg7 3. Bg5 d6 4. h3 Nf6 5. Nc3 c6 6. Bc4 0-0 7. Qd2 b5 8. Be2 b4 9. Bxf6 bxc3 10. bxc3 Bxf6 11. Nf3 Nd7 12. 0-0 c5 13. dxc5 Nxc5 14. Qe3 Qa5 15. e5 dxe5 16. Nxe5 Na4 17. Nc6 Qxc3 18. Nxe7+ Kg7 19. Nd5 Qxe3 20. Nxe3 Bxa1 21. Rxa1 Be6 22. c4 Nc3 23. Bd3 Rfd8 24. Bf1 Rac8 25. Rc1 Nxa2 26. Ra1 Rd2 27. Rb1 a5 28. Rb3 Nb4 29. Ra3 Ra2 30. Rc3 a4 31. c5 Nd5 32. Nxd5 Bxd5 33. Bb5 a3 34. Ba6 Rc7 35. Bb5 Ra1+ 36. Kh2 a2 37. c6 Re1 0-1

[Event "Pinneberg op Seniors 16th"]
[Site "Pinneberg"]
[Date "2015.08.06"]
[Round "6"]
[White "Ziehm, Holger"]
[Black "Ihlenfeldt, Gerhard"]
[Result "1/2-1/2"]
[WhiteElo "1426"]
[BlackElo "1491"]
[PlyCount "46"]
[EventDate "2015.07.02"]
[EventType "swiss"]
[EventRounds "7"]
[EventCountry "GER"]
[SourceTitle "EXT 2017"]
[Source "ChessBase"]
[SourceDate "2016.10.25"]
[SourceVersion "1"]
[SourceVersionDate "2016.10.25"]
[SourceQuality "1"]

1. e4 g6 2. d4 Bg7 3. Nf3 d6 4. Bf4 Nf6 5. Nbd2 c6 6. c3 0-0 7. Bd3 Bg4 8. h3 Bxf3 9. Nxf3 Nbd7 10. 0-0 c5 11. d5 a6 12. Re1 b5 13. c4 Nh5 14. Bc1 bxc4 15. Bxc4 Rb8 16. Rb1 a5 17. a4 Rb4 18. Qc2 Rb8 19. Bd2 Ne5 20. Nxe5 Bxe5 21. Bc3 f6 22. g3 Ra8 23. Kg2 Qc8 1/2-1/2

[Event "Pinneberg op Seniors 16th"]
[Site "Pinneberg"]
[Date "2015.07.23"]
[Round "4"]
[White "Ihlenfeldt, Gerhard"]
[Black "Hotze, Kurt"]
[Result "1-0"]
[WhiteElo "1491"]
[BlackElo "1577"]
[PlyCount "49"]
[EventDate "2015.07.02"]
[EventType "swiss"]
[EventRounds "7"]
[EventCountry "GER"]
[SourceTitle "EXT 2017"]
[Source "ChessBase"]
[SourceDate "2016.10.25"]
[SourceVersion "1"]
[SourceVersionDate "2016.10.25"]
[SourceQuality "1"]

1. e4 c5 2. Bc4 Nc6 3. d3 e6 4. Be3 d5 5. exd5 exd5 6. Bb3 Nf6 7. h3 Qe7 8. Ne2 d4 9. Bg5 h6 10. Bh4 g5 11. Bg3 Be6 12. Ba4 Bd7 13. Nd2 Bg7 14. Nc4 Nh5 15. Nd6+ Kf8 16. Bh2 Be5 17. Bxe5 Qxe5 18. Nc4 Qe6 19. 0-0 g4 20. hxg4 Qxg4 21. Ng3 Qxd1 22. Raxd1 Nxg3 23. fxg3 Bg4 24. Rde1 Be6 25. Rxe6 1-0

[Event "Schleswig Holstein-ch Seniors"]
[Site "Hanerau"]
[Date "2015.04.01"]
[Round "6"]
[White "Petersen, Kay"]
[Black "Ihlenfeldt, Gerhard"]
[Result "1-0"]
[WhiteElo "1369"]
[BlackElo "1514"]
[PlyCount "153"]
[EventDate "2015.03.28"]
[EventType "swiss"]
[EventRounds "9"]
[EventCountry "GER"]
[SourceTitle "EXT 2018"]
[Source "ChessBase"]
[SourceDate "2017.10.13"]
[SourceVersion "1"]
[SourceVersionDate "2017.10.13"]
[SourceQuality "1"]

1. e4 g6 2. d4 Bg7 3. Nf3 d6 4. Bc4 e6 5. 0-0 Nc6 6. Be3 Nge7 7. Nc3 0-0 8. Qd2 d5 9. exd5 exd5 10. Bb3 Bg4 11. Ne1 Na5 12. f3 Nxb3 13. axb3 Be6 14. b4 Nf5 15. f4 c6 16. Nd1 a6 17. Bf2 Qc7 18. Nf3 Nd6 19. Bg3 Ne4 20. Qe1 Bg4 21. c3 Rae8 22. Ne5 Bxd1 23. Rxd1 f6 24. Ng4 Re7 25. Rf3 Rfe8 26. Re3 Qd7 27. h3 h5 28. Nh2 Kf7 29. Rdd3 Bh6 30. Nf1 Qc7 31. Rf3 Nc5 32. Rde3 Ne4 33. Bh2 f5 34. g3 Bg7 35. Kg2 a5 36. bxa5 Qxa5 37. Qc1 Qb5 38. Qc2 b6 39. Bg1 Nd6 40. Rxe7+ Rxe7 41. Re3 Ra7 42. Re1 Ra2 43. Rb1 Nc4 44. Kf3 Rxb2 45. Rxb2 Qxb2 46. Qxb2 Nxb2 47. Nd2 Ke6 48. g4 hxg4+ 49. hxg4 b5 50. g5 Nd1 51. Nb1 Bf8 52. Ke2 Nb2 53. Kd2 Bd6 54. Be3 Nc4+ 55. Ke2 Kd7 56. Bc1 Kc7 57. Kd3 Kb6 58. Kc2 Ka5 59. Kb3 Kb6 60. Kc2 Na5 61. Kd3 Nb3 62. Be3 Na5 63. Nd2 Nc4 64. Nf3 Nb2+ 65. Kc2 Nc4 66. Bc1 Kc7 67. Nh4 Kd7 68. Nxg6 Ke6 69. Ne5 Bxe5 70. fxe5 Nb6 71. g6 Nc8 72. Ba3 Nb6 73. Bf8 f4 74. Kd2 Na4 75. Bb4 Nb6 76. Ke2 Nd7 77. Kf3 1-0

[Event "Schleswig Holstein-ch Seniors"]
[Site "Hanerau"]
[Date "2015.03.28"]
[Round "1"]
[White "Janus, Hannelore"]
[Black "Ihlenfeldt, Gerhard"]
[Result "0-1"]
[WhiteElo "1744"]
[BlackElo "1514"]
[PlyCount "60"]
[EventDate "2015.03.28"]
[EventType "swiss"]
[EventRounds "9"]
[EventCountry "GER"]
[SourceTitle "EXT 2018"]
[Source "ChessBase"]
[SourceDate "2017.10.13"]
[SourceVersion "1"]
[SourceVersionDate "2017.10.13"]
[SourceQuality "1"]

1. e4 g6 2. Nf3 Bg7 3. d4 d6 4. Bd3 c6 5. 0-0 Bg4 6. c3 Nd7 7. h3 Bxf3 8. Qxf3 Ngf6 9. Re1 0-0 10. e5 Ne8 11. Qg3 dxe5 12. dxe5 Nc5 13. Bc2 Ne6 14. b4 Qc7 15. Bf4 c5 16. a3 cxb4 17. axb4 Nxf4 18. Qxf4 Nf6 19. Bb3 Nd7 20. Ra5 b6 21. Rd5 e6 22. Rxd7 Qxd7 23. Rd1 Qc7 24. Rd6 Rad8 25. Qg3 Bxe5 26. Rxd8 Bxg3 27. Rxf8+ Kxf8 28. fxg3 Qxg3 29. Bc2 f5 30. Kf1 Qe3 0-1

[Event "Pinneberg op Seniors 15th"]
[Site "Pinneberg"]
[Date "2014.??.??"]
[Round "4"]
[White "Ihlenfeldt, Gerhard"]
[Black "Meyer, Winfried"]
[Result "1/2-1/2"]
[WhiteElo "1544"]
[BlackElo "1570"]
[PlyCount "70"]
[EventDate "2014.07.03"]
[EventType "swiss"]
[EventRounds "7"]
[EventCountry "GER"]
[SourceTitle "EXT 2017"]
[Source "ChessBase"]
[SourceDate "2016.10.25"]
[SourceVersion "1"]
[SourceVersionDate "2016.10.25"]
[SourceQuality "1"]

1. e4 c5 2. Bc4 d6 3. h3 Nc6 4. Nf3 Nf6 5. d3 e6 6. 0-0 Be7 7. Nc3 a6 8. a3 b5 9. Ba2 0-0 10. Ne2 Qc7 11. Bf4 e5 12. Bg5 h6 13. Bxf6 Bxf6 14. Ng3 Be6 15. Bxe6 fxe6 16. Nh2 Bg5 17. Qg4 Qf7 18. Ne2 Rae8 19. Nf3 Bd8 20. c3 Kh7 21. Nh2 Qg6 22. f4 Qxg4 23. Nxg4 h5 24. Nh2 Bb6 25. Kh1 g6 26. Rf3 c4 27. dxc4 bxc4 28. Rd1 Rd8 29. fxe5 d5 30. exd5 Nxe5 31. Rxf8 Rxf8 32. dxe6 Nd3 33. Rf1 Nf2+ 34. Rxf2 Bxf2 35. Nf3 Re8 1/2-1/2

[Event "Pinneberg op Seniors 14th"]
[Site "Pinneberg"]
[Date "2013.08.01"]
[Round "7"]
[White "Ihlenfeldt, Gerhard"]
[Black "Ziehm, Holger"]
[Result "1/2-1/2"]
[WhiteElo "1541"]
[BlackElo "1485"]
[PlyCount "64"]
[EventDate "2013.06.20"]
[EventType "swiss"]
[EventRounds "7"]
[EventCountry "GER"]
[SourceTitle "EXT 2017"]
[Source "ChessBase"]
[SourceDate "2016.10.25"]
[SourceVersion "1"]
[SourceVersionDate "2016.10.25"]
[SourceQuality "1"]

1. e4 c6 2. Nf3 d5 3. exd5 cxd5 4. d4 Bf5 5. Bd3 Bxd3 6. Qxd3 Qa5+ 7. Bd2 Qa6 8. Qf5 e6 9. Qf4 Nf6 10. Nc3 Bd6 11. Qe3 0-0 12. Qe2 Qxe2+ 13. Nxe2 Nbd7 14. 0-0 Rac8 15. c3 Nb6 16. Bf4 Bxf4 17. Nxf4 Nc4 18. Nd3 Ne4 19. Nfe5 Rfd8 20. Nxc4 Rxc4 21. f3 Nd6 22. Rfc1 b6 23. Ne5 Rc7 24. Kf2 Rdc8 25. a3 Nf5 26. Rd1 f6 27. Nd3 Nd6 28. Nf4 Kf7 29. Re1 Re7 30. Re2 Rce8 31. Rae1 Nc4 32. Nd3 a5 1/2-1/2

[Event "Pinneberg op Seniors 14th"]
[Site "Pinneberg"]
[Date "2013.07.19"]
[Round "5"]
[White "Sagitow, Kamil"]
[Black "Ihlenfeldt, Gerhard"]
[Result "0-1"]
[WhiteElo "1412"]
[BlackElo "1541"]
[PlyCount "110"]
[EventDate "2013.06.20"]
[EventType "swiss"]
[EventRounds "7"]
[EventCountry "GER"]
[SourceTitle "EXT 2017"]
[Source "ChessBase"]
[SourceDate "2016.10.25"]
[SourceVersion "1"]
[SourceVersionDate "2016.10.25"]
[SourceQuality "1"]

1. e4 g6 2. d4 Bg7 3. Nf3 d6 4. Be3 c6 5. c3 Nf6 6. Bd3 Ng4 7. Bd2 Qb6 8. b3 e5 9. h3 Nxf2 10. Kxf2 exd4 11. Kf1 c5 12. c4 Nc6 13. Kf2 Ne5 14. Nxe5 dxe5 15. Qf3 0-0 16. Rf1 Bd7 17. Kg1 Be6 18. Qe2 Rae8 19. Be1 Qd8 20. Nd2 Bh6 21. Bf2 Bd7 22. Nf3 f6 23. Bg3 Rf7 24. a3 a5 25. Rab1 Bf8 26. Qd2 Bc6 27. Rb2 b6 28. Nh2 Qa8 29. Re1 Bd7 30. Nf3 Rg7 31. a4 g5 32. Nh2 Qc8 33. Qf2 Ree7 34. Qxf6 Re6 35. Qf2 h5 36. Qe2 g4 37. h4 Be7 38. Rf1 Qd8 39. Qe1 Rgg6 40. Rbf2 Ref6 41. Rxf6 Rxf6 42. Rxf6 Bxf6 43. Qf2 Qe7 44. Nf1 Bg7 45. Qe1 Bf6 46. Bf2 Bg7 47. g3 Qf7 48. Qe2 Bh6 49. Be1 Bg7 50. Bd2 Bc6 51. Bg5 Qb7 52. Nd2 Be8 53. Qf2 Bg6 54. Bf6 Bh6 55. Bxe5 Be3 0-1

[Event "Pinneberg op Seniors 14th"]
[Site "Pinneberg"]
[Date "2013.07.05"]
[Round "3"]
[White "Ihlenfeldt, Gerhard"]
[Black "Warneke, Perygrin"]
[Result "1-0"]
[WhiteElo "1541"]
[BlackElo "1304"]
[PlyCount "97"]
[EventDate "2013.06.20"]
[EventType "swiss"]
[EventRounds "7"]
[EventCountry "GER"]
[SourceTitle "EXT 2017"]
[Source "ChessBase"]
[SourceDate "2016.10.25"]
[SourceVersion "1"]
[SourceVersionDate "2016.10.25"]
[SourceQuality "1"]

1. e4 e6 2. d4 d5 3. exd5 exd5 4. Nf3 Nc6 5. c3 Bd6 6. Be2 Nge7 7. Bg5 Bg4 8. Nbd2 Qd7 9. 0-0 0-0-0 10. b4 Rde8 11. Bxe7 Nxe7 12. a4 f6 13. Bb5 c6 14. Bd3 Bf5 15. Qc2 Kb8 16. b5 Bxd3 17. Qxd3 c5 18. dxc5 Bxc5 19. Nb3 Bb6 20. c4 Qf5 21. Qxf5 Nxf5 22. cxd5 Rd8 23. Rfd1 Rd7 24. a5 Bd8 25. Nc5 Rd6 26. Ne4 Rd7 27. a6 b6 28. Rac1 Be7 29. g4 Nd6 30. Nxd6 Bxd6 31. Nd4 Bc5 32. Ne6 Rc8 33. Kg2 Bd6 34. Rc6 Bc5 35. f4 g6 36. Kf3 Rd6 37. Rxc8+ Kxc8 38. Ke4 Rd7 39. Rc1 Kb8 40. Nxc5 bxc5 41. Rxc5 Re7+ 42. Kd4 Rd7 43. Rc6 Rf7 44. d6 Rd7 45. Kd5 Rg7 46. Ke6 f5 47. g5 Rg8 48. d7 Rh8 49. Ke7 1-0

[Event "Pinneberg op Seniors 13th"]
[Site "Pinneberg"]
[Date "2012.06.28"]
[Round "2"]
[White "Ihlenfeldt, Gerhard"]
[Black "Dangelowski, Peter"]
[Result "0-1"]
[WhiteElo "1523"]
[BlackElo "1680"]
[PlyCount "62"]
[EventDate "2012.06.21"]
[EventType "swiss"]
[EventRounds "7"]
[EventCountry "GER"]
[SourceTitle "EXT 2013"]
[Source "ChessBase"]
[SourceDate "2012.11.22"]
[SourceVersion "1"]
[SourceVersionDate "2012.11.22"]
[SourceQuality "1"]

1. e4 c5 2. Bc4 e6 3. d3 Nc6 4. Nf3 Na5 5. Nbd2 a6 6. 0-0 g6 7. Bb3 Qc7 8. Nc4 Nxb3 9. axb3 Bg7 10. Ne3 Ne7 11. c4 0-0 12. Qc2 Nc6 13. Bd2 b6 14. Ng4 f5 15. exf5 exf5 16. Ne3 Ne7 17. Bc3 Bxc3 18. Qxc3 Bb7 19. Nd2 d5 20. cxd5 Bxd5 21. Nxd5 Nxd5 22. Qc4 Qb7 23. Rae1 Rfe8 24. Nf3 Kg7 25. Ng5 h6 26. Nf3 Rac8 27. Re5 Rxe5 28. Nxe5 b5 29. Qh4 Re8 30. Qg3 Re6 31. h4 f4 0-1

[Event "Pinneberg-ch"]
[Site "Pinneberg"]
[Date "2011.09.01"]
[Round "3"]
[White "Ihlenfeldt, Gerhard"]
[Black "Domeyer, Robert Thomas"]
[Result "1-0"]
[WhiteElo "1543"]
[BlackElo "1269"]
[PlyCount "101"]
[EventDate "2011.08.18"]
[EventType "swiss"]
[EventRounds "7"]
[EventCountry "GER"]
[SourceTitle "CBM 144 Extra"]
[Source "ChessBase"]
[SourceDate "2011.10.28"]
[SourceVersion "1"]
[SourceVersionDate "2011.10.28"]
[SourceQuality "1"]

1. e4 e5 2. Bc4 Nf6 3. d3 Nc6 4. Nf3 d6 5. Ng5 d5 6. exd5 Nxd5 7. Nxf7 Kxf7 8. Qf3+ Ke6 9. Nc3 Nce7 10. Bg5 c6 11. 0-0 h6 12. Bh4 g5 13. Bg3 Bg7 14. Rae1 Qf8 15. Qe3 Qf5 16. d4 Ng6 17. Bd3 Qf6 18. Ne4 Qf7 19. Nc5+ Kd6 20. Ne4+ Kc7 21. Bc4 Re8 22. Qd2 Bf5 23. Nc3 Qd7 24. dxe5 Nxe5 25. Bxd5 cxd5 26. Nxd5+ Kb8 27. Re3 Re6 28. Rfe1 Qd6 29. Qa5 b6 30. Qb5 h5 31. Nc3 h4 32. Bxe5 Bxe5 33. Rxe5 Rxe5 34. Qxe5 Qxe5 35. Rxe5 Bxc2 36. Re8+ Kb7 37. Rxa8 Kxa8 38. g3 hxg3 39. hxg3 Kb7 40. Kg2 Kc6 41. Kf3 Kd6 42. Kg4 Ke5 43. Kxg5 Ke6 44. f4 Kf7 45. g4 Kg7 46. f5 Bd3 47. b4 Bc4 48. a3 a6 49. Na4 b5 50. Nc5 Bd5 51. Nxa6 1-0

[Event "Schleswig-Holstein-ch Young Seniors"]
[Site "Buesum"]
[Date "2010.03.27"]
[Round "1"]
[White "Wessel, Volkmar"]
[Black "Ihlenfeldt, Gerhard"]
[Result "1-0"]
[WhiteElo "1669"]
[BlackElo "1555"]
[PlyCount "49"]
[EventDate "2010.03.27"]
[EventType "swiss"]
[EventRounds "9"]
[EventCountry "GER"]
[SourceTitle "EXT 2023"]
[Source "ChessBase"]
[SourceDate "2022.10.05"]
[SourceVersion "1"]
[SourceVersionDate "2022.10.05"]
[SourceQuality "1"]

1. b4 Nf6 2. Bb2 d6 3. e3 Bf5 4. Nf3 Bg4 5. Be2 e5 6. c4 Be7 7. Nc3 Nbd7 8. h3 Bh5 9. d4 Bxf3 10. Bxf3 exd4 11. exd4 0-0 12. 0-0 Rb8 13. Qd2 Nb6 14. Qd3 d5 15. c5 Nc4 16. Bc1 c6 17. Bf4 Rc8 18. a4 a6 19. b5 Qa5 20. b6 Nd7 21. Ra2 Rce8 22. Nxd5 cxd5 23. Bxd5 Ncxb6 24. Bd2 Nxc5 25. Qf3 1-0

[Event "Pinneberg-ch"]
[Site "Pinneberg"]
[Date "2007.10.04"]
[Round "6"]
[White "Rakhmanov, Vsevolod"]
[Black "Ihlenfeldt, Gerhard"]
[Result "1-0"]
[WhiteElo "1742"]
[BlackElo "1569"]
[PlyCount "53"]
[EventDate "2007.08.30"]
[EventType "swiss"]
[EventRounds "7"]
[EventCountry "GER"]
[SourceTitle "CBM 120 Extra"]
[Source "ChessBase"]
[SourceDate "2007.11.01"]
[SourceVersion "1"]
[SourceVersionDate "2007.11.01"]
[SourceQuality "1"]

1. e4 g6 2. d4 Bg7 3. Nf3 Nf6 4. Nc3 d6 5. Bc4 0-0 6. h3 c6 7. Be3 Nbd7 8. Qd2 b5 9. Bd3 b4 10. Ne2 a5 11. c3 c5 12. Bh6 Bb7 13. Bxg7 Kxg7 14. Ng3 Rc8 15. Qg5 c4 16. Bc2 b3 17. axb3 cxb3 18. Bd3 Ra8 19. h4 a4 20. h5 Ra5 21. e5 dxe5 22. hxg6 e4 23. Qh6+ Kg8 24. Nh5 Rxh5 25. Rxh5 fxg6 26. Ng5 gxh5 27. Ne6 1-0

[Event "Pinneberg-ch"]
[Site "Pinneberg"]
[Date "2007.09.27"]
[Round "5"]
[White "Hitzker, Johann"]
[Black "Ihlenfeldt, Gerhard"]
[Result "0-1"]
[WhiteElo "1465"]
[BlackElo "1569"]
[PlyCount "44"]
[EventDate "2007.08.30"]
[EventType "swiss"]
[EventRounds "7"]
[EventCountry "GER"]
[SourceTitle "CBM 120 Extra"]
[Source "ChessBase"]
[SourceDate "2007.11.01"]
[SourceVersion "1"]
[SourceVersionDate "2007.11.01"]
[SourceQuality "1"]

1. e4 g6 2. f4 Bg7 3. Nf3 d6 4. Bc4 Nf6 5. d3 Bg4 6. 0-0 0-0 7. f5 d5 8. h3 Bxf3 9. Qxf3 dxc4 10. dxc4 Qd4+ 11. Qe3 Qxe3+ 12. Bxe3 Nxe4 13. c3 Ng3 14. Rf3 Nxf5 15. Bc5 Nd7 16. Ba3 Ne5 17. Rf4 Rad8 18. Kh2 Nd3 19. Rxf5 gxf5 20. Bxe7 Nxb2 21. Bxf8 Bxf8 22. Na3 Bxa3 0-1

[Event "Schleswig Holstein-ch Veterans 62nd"]
[Site "Itzehoe"]
[Date "2007.04.06"]
[Round "9"]
[White "Ihlenfeldt, Gerhard"]
[Black "Zweig, Helmut"]
[Result "0-1"]
[WhiteElo "1663"]
[BlackElo "1515"]
[PlyCount "44"]
[EventDate "2007.03.31"]
[EventType "swiss"]
[EventRounds "9"]
[EventCountry "GER"]
[SourceTitle "EXT 2010"]
[Source "ChessBase"]
[SourceDate "2010.11.25"]
[SourceVersion "1"]
[SourceVersionDate "2010.11.25"]
[SourceQuality "1"]

1. e4 e5 2. Bc4 Nf6 3. d3 d5 4. exd5 Nxd5 5. Qf3 Be6 6. c3 Be7 7. Qg3 Bf6 8. Nf3 Qd6 9. Nbd2 Nf4 10. Ne4 Nxd3+ 11. Bxd3 Qxd3 12. Nxf6+ gxf6 13. Be3 Bc4 14. Ng1 Qf1+ 15. Kd2 Qxa1 16. Bc5 Qxb2+ 17. Kd1 Qb1+ 18. Kd2 Qxa2+ 19. Ke3 Nc6 20. Qg4 Be6 21. Qf3 0-0-0 22. Ne2 Qd2+ 0-1